Programa Regional de Biodiversidad en la Amazonía de los Países Miembros de la CAN (BioCAN) (Registro nro. 8403)
[ vista simple ]
| 000 -CABECERA | |
|---|---|
| Campo de control | 00474nam a22001577a 4500 |
| 005 - FECHA Y HORA DE LA ULTIMA TRANSACCION | |
| Campo de control | 20140428104910.0 |
| 008 - ELEMENTOS DE LONGITUD FIJA—INFORMACION GENERAL | |
| Campo de control | 140428b2009 xxu||||| |||| 00| 0 spa d |
| 041 ## - IDIOMA | |
| Código de idioma para texto/pista de sonido o título separado | Español |
| 082 ## - NUMERO DE CLASIFICACION DECIMAL DEWEY | |
| Número de clasificación | 333.73 |
| 090 ## - CLASIFICACIÓN LOCAL | |
| Colección | LB- |
| Consecutivo | 05897 |
| 245 00 - MENCION DE TITULO | |
| Título | Programa Regional de Biodiversidad en la Amazonía de los Países Miembros de la CAN (BioCAN) |
| 260 ## - PUBLICACION, DISTRIBUCION, ETC. (PIE DE IMPRENTA) | |
| Lugar de publicación, distribución, etc. | [?] |
| Nombre del editor, distribuidor, etc. | Comunidad Andina |
| Fecha de publicación, distribución, etc. | 2009 |
| 300 ## - DESCRIPCION FISICA | |
| Extensión | 3 CD- Rom |
| Otros detalles físicos | il. tablas |
| 650 6# - ASIENTO SECUNDARIO DE MATERIA - TERMINO TEMATICO | |
| Término temático o nombre geográfico como elemento de entrada | Areas protegidas |
| Subdivisión geográfica | Amazonas |
| 942 ## - ELEMENTOS ADICIONALES (KOHA) | |
| Sistema de clasificación | Local |
| Tipo de ítem | CD-ROM |
| Withdrawn status | Lost status | Sistema de Clasificación | Damaged status | No para préstamo | Colección | Ubicación Permanente | Ubicación actual | Fecha de adquisición | Total Checkouts | Número topográfico | Inventario / Código de Barras | Date last seen | Ejemplar | Price effective from | Forma de adquisición | Tipo de material |
|---|---|---|---|---|---|---|---|---|---|---|---|---|---|---|---|---|
| Local | Audiovisual | Bogotá | Bogotá | 28/04/2014 | LB-05897 | 035041 | 28/04/2014 | V. 1 | 28/04/2014 | CD-ROM | ||||||
| Local | Audiovisual | Bogotá | Bogotá | 28/04/2014 | LB-05897 | 035042 | 28/04/2014 | V. 2 | 28/04/2014 | CD-ROM | ||||||
| Local | Audiovisual | Bogotá | Bogotá | 28/04/2014 | LB-05897 | 035043 | 28/04/2014 | V. 3 | 28/04/2014 | CD-ROM |